Представление документа в формате RUSMARC

ПолеНазваниеЗначение
  Тип записи a
  Библиографический уровень c
001 Контрольный номер 572590cad90349f9b3022872a6184b29
005 Дата корректировки 20251003164055.8
010 Индекс ISBN __
a ISBN 978-5-904900-27-4
9 Тираж 500 экз.
d Цена 500-00
100 Данные общей обработки __
a Данные общей обработки 20240221d2017 ma y0rusy028902 ca
101 Язык документа 0_
a Язык текста rus
102 Страна публикации __
a Страна публикации RU
105 Кодированные данные (монография) __
a Кодированные данные (монография) y z 000ay
181 Поле кодированных данных: вид содержания _0
a Код вида содержания (ISBD) i
182 Поле кодированных данных: тип средства _0
a Код типа средства (ISBD) n
200 Заглавие и сведения об ответственности 1_
a Заглавие Чаша круговая
e Сведения, относящиеся к заглавию литературно-художественный альманах
f Первые сведения об ответственности редакционная коллегия: А. Б. Кердан, А. Б. Титов
h Номер части № 16
203 Вид содержания и тип средства __
a Вид содержания Текст
c Тип средства непосредственный
210 Выходные данные 1_
a Место издания Екатеринбург
c Издательство АсПур
d Дата издания 2017
215 Физическое описание __
a Объем 245 с.
d Формат 21 см
330 Аннотация __
a Аннотация В шестнадцатом выпуске литературно-художественного альманаха Ассоциации писателей Урала, вышедшем в свет при поддержке Департамента культуры Ханты-Мансийского Автономного Округа - Югры помещены стихи и проза, переведены и критика писателей Урала, Западной Сибири, Поволжья и гостей альманаха.
333 Примечание о целевом назначении __
a Примечание о целевом назначении 12+. Для детей старше 12 лет
464 Аналитический уровень _0
1 2001
a Доля России
e стихотворение
f Олег Павлов
1 700 1
a Павлов
b О.
g Олег
4 070
464 Аналитический уровень _0
1 2001
a Флаги красные весной...
e стихотворение
f Дмитрий Мизгулин
1 700 1
a Мизгулин
b Д. А.
g Дмитрий Александрович
4 070
464 Аналитический уровень _0
1 2001
a Бессонница... В плену иносказаний, под крики чаек, прячущих испод...
e стихотворение
f Николай Шамсутдинов
1 700 1
a Шамсутдинов
b Н. М.
g Николай Меркамалович
4 070
464 Аналитический уровень _0
1 2001
a Знакомая песня
e новелла
f Салим Фатыхов
1 700 1
a Фатыхов
b С. Г.
g Салим Галимович
4 070
464 Аналитический уровень _0
1 2001
a До Сиднея одиннадцать тысяч километров
e рассказ
f Анатолий Кирилин
1 700 1
a Кирилин
b А. В.
g Анатолий Владимирович
4 070
464 Аналитический уровень _0
1 2001
a Аленка
e рассказ
f Владимир Протасов
1 700 1
a Протасов
b В. П.
g Владимир
4 070
464 Аналитический уровень _0
1 2001
a Какой "удачный" день
e рассказ
f Никита Анагуричи
1 700 1
a Анагуричи
b Н. А.
g Никита Александрович
4 070
464 Аналитический уровень _0
1 2001
a Не бывает чудес, не бывает...
e стихотворение
f Марина Безденежных
1 700 1
a Безденежных
b М. М.
g Марина Михайловна
4 070
464 Аналитический уровень _0
1 2001
a Сын прошедшего времени...
e стихотворение
f Владимир Курбатов
1 700 1
a Курбатов
b В. Н.
g Владимир Николаевич
4 070
464 Аналитический уровень _0
1 2001
a Дед Алексей
e стихотворение
f Валерий Акимов
1 700 1
a Акимов
b В. Ю.
g Валерий Юрьевич
4 070
606 Тематические рубрики __
a Основная рубрика Художественная литература
2 Код системы nlr_sh
606 Тематические рубрики __
a Основная рубрика Современная русская литература (произведения)
z Хронологическая подрубрика 21 в. нач.
y Географическая подрубрика Западная Сибирь
y Географическая подрубрика Поволжье
y Географическая подрубрика Россия
y Географическая подрубрика Урал
y Географическая подрубрика Ханты-Мансийский автономный округ - Югра
y Географическая подрубрика Ямало-Ненецкий автономный округ
y Географическая подрубрика ХМАО-Югра
y Географическая подрубрика ЯНАО
2 Код системы nlr_sh
610 Ключевые слова 0_
a Ключевые слова краеведение
610 Ключевые слова 0_
a Ключевые слова краеведческая литература
610 Ключевые слова 0_
a Ключевые слова критические статьи
610 Ключевые слова 0_
a Ключевые слова лирика
610 Ключевые слова 0_
a Ключевые слова литературная критика
610 Ключевые слова 0_
a Ключевые слова поэзия
610 Ключевые слова 0_
a Ключевые слова поэты
610 Ключевые слова 0_
a Ключевые слова проза
610 Ключевые слова 0_
a Ключевые слова рассказы
610 Ключевые слова 0_
a Ключевые слова романы
610 Ключевые слова 0_
a Ключевые слова стихотворения
610 Ключевые слова 0_
a Ключевые слова критика
686 Индексы других классификаций __
2 Код системы rubbks
a Классификационный индекс К84(2=411.2)6я5; стК84(2=411.2)6я5
702 Вторичная интеллектуальная ответственность _1
a Фамилия Кердан
b Имя А. Б.
f Даты 1957-
g Полное личное имя Александр Борисович
4 Код отношения 340
4 Код отношения 070
702 Вторичная интеллектуальная ответственность _1
a Фамилия Титов
b Имя А. Б.
f Даты 1948-
g Полное личное имя Арсен Борисович
4 Код отношения 340
4 Код отношения 070
712 Наименование организации (Вторичная ответственность) 02
a Организация/ юрисдикция Ассоциация писателей Урала
c Место постоянной организации Екатеринбург
712 Наименование организации (Вторичная ответственность) 01
a Организация/ юрисдикция Ханты-Мансийский автономный округ - Югра
b Другие уровни Департамент культуры
801 Источник записи _0
a Страна RU
b Организация Муниципальное бюджетное учреждение культуры "Централизованная библиотечная система" г. Сургут (Центральная городская библиотека им. А. С. Пушкина)
c Дата составления 20240221
g Правила каталогизации PSBO
801 Источник записи _1
a Страна RU
b Организация Муниципальное бюджетное учреждение культуры "Централизованная библиотечная система" г. Сургут (Центральная городская библиотека им. А. С. Пушкина)
c Дата составления 20240221
g Правила каталогизации PSBO
852 Данные о местонахождении __
j Шифр хранения К84(2=411.2)6я5
i Авторский знак Ч-29
900 Макрообъекты __
a Макрообъекты Чаша круговая. Литературно-художественный альманах. № 17, 2018
901 Тип документа __
a Ответственный ООФиК/Волкова
t Тип документа x
903 Характеристики (МАРС) __
a Дата передачи 20240221
c Наименование библиотеки (МАРС) Муниципальное бюджетное учреждение культуры "Централизованная библиотечная система" г. Сургут (Центральная городская библиотека им. А. С. Пушкина)
969 Тип издания __
a Тип издания альманах
990 Данные о заказе (DOS) __
j Количество экземпляров (DOS) 2
t N записи в КСУ для И/У (DOS) 202405